[Event "Montcalm op"]
[Site "Quebec CAN"]
[Date "2011.01.09"]
[Round "4"]
[White "Labrecque, Rejean"]
[Black "Page-Fortin, Mathieu"]
[Result "0-1"]
[WhiteElo "1665"]
[BlackElo "1921"]
[PlyCount "60"]
[GameId "2160767909821244"]
[EventDate "2011.01.07"]
[EventType "swiss"]
[EventRounds "5"]
[EventCountry "CAN"]
[SourceTitle "EXT 2022"]
[Source "ChessBase"]
[SourceDate "2021.10.06"]
[SourceVersion "1"]
[SourceVersionDate "2021.10.06"]
[SourceQuality "1"]

1. d4 Nf6 2. c4 g6 3. Nc3 Bg7 4. Nf3 d6 5. e4 O-O 6. h3 e5 7. d5 a5 8. Be3 Na6 9. Bd3 Nd7 10. g4 Ndc5 11. Bc2 f5 12. gxf5 gxf5 13. Bg5 Qe8 14. Nh4 Nb4 15. Nxf5 Bxf5 16. exf5 e4 17. f6 Bxf6 18. Bxf6 Rxf6 19. Rg1+ Kh8 20. Rg2 Qe5 21. Kf1 Raf8 22. Qe2 Nxc2 23. Qxc2 Nd3 24. Nd1 Qf5 25. a3 Qxh3 26. Kg1 Rh6 27. Qc3+ Rff6 28. Kf1 Rhg6 29. Ne3 Qxe3 30. Rh2 Kg8 0-1

[Event "Montcalm op"]
[Site "Quebec CAN"]
[Date "2011.01.09"]
[Round "4"]
[White "Rainfray, Arnaud"]
[Black "Perron, Jonathan"]
[Result "1-0"]
[WhiteElo "2388"]
[BlackElo "2148"]
[PlyCount "39"]
[GameId "2160767909821245"]
[EventDate "2011.01.07"]
[EventType "swiss"]
[EventRounds "5"]
[EventCountry "CAN"]
[SourceTitle "EXT 2022"]
[Source "ChessBase"]
[SourceDate "2021.10.06"]
[SourceVersion "1"]
[SourceVersionDate "2021.10.06"]
[SourceQuality "1"]

1. e4 c5 2. Nf3 d6 3. d4 cxd4 4. Nxd4 Nf6 5. Nc3 a6 6. g3 e5 7. Nde2 Be7 8. Bg2 Nbd7 9. a4 b6 10. h3 O-O 11. g4 Nc5 12. Be3 Bb7 13. Ng3 h6 14. h4 Nfd7 15. g5 hxg5 16. hxg5 g6 17. Qg4 Kg7 18. Nf5+ gxf5 19. exf5 Rg8 20. g6 1-0

[Event "Montcalm op"]
[Site "Quebec CAN"]
[Date "2011.01.09"]
[Round "5"]
[White "Berube, Antoine"]
[Black "Page-Fortin, Mathieu"]
[Result "1-0"]
[WhiteElo "2193"]
[BlackElo "1921"]
[PlyCount "87"]
[GameId "2160767909821246"]
[EventDate "2011.01.07"]
[EventType "swiss"]
[EventRounds "5"]
[EventCountry "CAN"]
[SourceTitle "EXT 2022"]
[Source "ChessBase"]
[SourceDate "2021.10.06"]
[SourceVersion "1"]
[SourceVersionDate "2021.10.06"]
[SourceQuality "1"]

1. d4 Nf6 2. c4 g6 3. Nc3 Bg7 4. e4 d6 5. f3 O-O 6. Be3 e5 7. d5 Nfd7 8. Qd2 f5 9. O-O-O a5 10. Nge2 Na6 11. exf5 gxf5 12. f4 Ndc5 13. Ng3 Qh4 14. Be2 Bh6 15. Nh5 Bd7 16. g3 Qe7 17. fxe5 Bxe3 18. Qxe3 dxe5 19. d6 cxd6 20. Nd5 Qd8 21. Qh6 Rf7 22. Ndf6+ Kh8 23. Rxd6 Qf8 24. Qd2 Bc6 25. Rd1 Ne4 26. Nxe4 Bxe4 27. Qxa5 Re8 28. Rd8 Qh6+ 29. Qd2 Qxd2+ 30. R1xd2 Rff8 31. Rxe8 Rxe8 32. Nf6 Re7 33. Nxe4 fxe4 34. Bg4 Rc7 35. b3 b5 36. Rd8+ Kg7 37. Rd7+ Rxd7 38. Bxd7 bxc4 39. bxc4 Nc5 40. Bf5 h6 41. Kd2 Kf6 42. g4 Kg5 43. Ke3 h5 44. h3 1-0

[Event "Montcalm op"]
[Site "Quebec CAN"]
[Date "2011.01.09"]
[Round "5"]
[White "Chiffot, Nicolas"]
[Black "Cournoyer, Dominic"]
[Result "0-1"]
[WhiteElo "2009"]
[BlackElo "1941"]
[PlyCount "56"]
[GameId "2160767909821247"]
[EventDate "2011.01.07"]
[EventType "swiss"]
[EventRounds "5"]
[EventCountry "CAN"]
[SourceTitle "EXT 2022"]
[Source "ChessBase"]
[SourceDate "2021.10.06"]
[SourceVersion "1"]
[SourceVersionDate "2021.10.06"]
[SourceQuality "1"]

1. e4 d5 2. exd5 Nf6 3. d4 Nxd5 4. c4 Nf6 5. Nc3 e5 6. dxe5 Qxd1+ 7. Nxd1 Ng4 8. f4 Nc6 9. Bd3 Nb4 10. Be4 f5 11. Bb1 Be6 12. h3 Nh6 13. a3 Nc6 14. Ne3 Nd4 15. Ba2 g5 16. g3 gxf4 17. gxf4 Be7 18. Ne2 Bh4+ 19. Kf1 O-O-O 20. b4 Bf7 21. Bb2 Nxe2 22. Kxe2 Bh5+ 23. Ng4 fxg4 24. hxg4 Bxg4+ 25. Kf1 Nf5 26. Rh2 Bg3 27. Rh1 Rd2 28. Bc1 Ne3+ 0-1

[Event "Montcalm op"]
[Site "Quebec CAN"]
[Date "2011.01.09"]
[Round "5"]
[White "Lessard, Claude"]
[Black "Laflamme, Simon"]
[Result "0-1"]
[WhiteElo "2062"]
[BlackElo "1799"]
[PlyCount "80"]
[GameId "2160767909821248"]
[EventDate "2011.01.07"]
[EventType "swiss"]
[EventRounds "5"]
[EventCountry "CAN"]
[SourceTitle "EXT 2022"]
[Source "ChessBase"]
[SourceDate "2021.10.06"]
[SourceVersion "1"]
[SourceVersionDate "2021.10.06"]
[SourceQuality "1"]

1. d4 Nf6 2. Nf3 g6 3. Nc3 d5 4. Bg5 Nbd7 5. g3 Bg7 6. Bg2 c6 7. O-O O-O 8. h3 Qb6 9. Rb1 Re8 10. Re1 e5 11. dxe5 Nxe5 12. Nxe5 Rxe5 13. Bf4 Re8 14. g4 Be6 15. e3 Rad8 16. Na4 Qb4 17. b3 Ne4 18. Qc1 b5 19. f3 Nf6 20. Nb2 Nd7 21. Nd3 Qe7 22. Bg3 f5 23. Nf4 Bc3 24. Re2 fxg4 25. hxg4 Bf7 26. Be1 Be5 27. Nd3 Bc7 28. Kf1 Bb6 29. Bf2 Ne5 30. Qe1 g5 31. Qc3 Qc7 32. Nxe5 Qxe5 33. Qxc6 d4 34. a4 dxe3 35. Be1 Rc8 36. Qxb5 Rc5 37. Qd7 Bg6 38. Rc1 Rd8 39. Qb7 Bd3 40. cxd3 Rxc1 0-1

[Event "Montcalm op 1 2011-12"]
[Site "Quebec CAN"]
[Date "2011.09.15"]
[Round "2"]
[White "Bourassa, Andre"]
[Black "Perron, Jonathan"]
[Result "0-1"]
[WhiteElo "1810"]
[BlackElo "2042"]
[PlyCount "50"]
[GameId "2160767909648567"]
[EventDate "2011.09.08"]
[EventType "swiss"]
[EventRounds "5"]
[EventCountry "CAN"]
[SourceTitle "EXT 2022"]
[Source "ChessBase"]
[SourceDate "2021.10.06"]
[SourceVersion "1"]
[SourceVersionDate "2021.10.06"]
[SourceQuality "1"]

1. d4 Nf6 2. c4 e6 3. Nc3 Bb4 4. Bf4 O-O 5. a3 Bxc3+ 6. bxc3 d6 7. f3 Nh5 8. Be3 f5 9. Bf2 Nc6 10. e3 b6 11. f4 Nf6 12. Nf3 Qe8 13. Bd3 e5 14. fxe5 dxe5 15. Bc2 e4 16. Nd2 f4 17. Ba4 Ng4 18. Qe2 f3 19. gxf3 exf3 20. Nxf3 Nxf2 21. Qxf2 Bg4 22. Rf1 Rxf3 23. Qxf3 Bxf3 24. Rxf3 Qe4 25. Ke2 Ne5 0-1

[Event "Montcalm op 1 2011-12"]
[Site "Quebec CAN"]
[Date "2011.09.22"]
[Round "3"]
[White "Bender, Karl"]
[Black "Bourassa, Andre"]
[Result "0-1"]
[WhiteElo "1560"]
[BlackElo "1810"]
[PlyCount "85"]
[GameId "2160767909648568"]
[EventDate "2011.09.08"]
[EventType "swiss"]
[EventRounds "5"]
[EventCountry "CAN"]
[SourceTitle "EXT 2022"]
[Source "ChessBase"]
[SourceDate "2021.10.06"]
[SourceVersion "1"]
[SourceVersionDate "2021.10.06"]
[SourceQuality "1"]

1. d4 d5 2. Nf3 Nf6 3. g3 c6 4. Bg2 e6 5. Nbd2 Nbd7 6. c4 Bd6 7. O-O O-O 8. cxd5 exd5 9. Re1 Re8 10. a3 Nf8 11. Nb3 Ne4 12. Nfd2 f5 13. f4 Nd7 14. Nf3 Ndf6 15. Ne5 Ng4 16. e3 h5 17. Nd2 h4 18. Nxe4 dxe4 19. Qb3+ Kh7 20. Nf7 Qe7 21. Ng5+ Kg6 22. gxh4 Rh8 23. h3 Nf6 24. Kf2 Rxh4 25. Rg1 Kh6 26. Qf7 Bd7 27. Qxe7 Bxe7 28. Nf7+ Kh7 29. Ne5 Be6 30. Bf1 Rh6 31. Bd2 Nd5 32. Rc1 Rg8 33. Rh1 g5 34. fxg5 Bxg5 35. Bc4 Bh4+ 36. Kf1 Bg3 37. Bxd5 Bxd5 38. Nd7 f4 39. h4 f3 40. Be1 Bxe1 41. Rxe1 Bc4+ 42. Re2 fxe2+ 43. Kf2 0-1

[Event "Montcalm op 1 2011-12"]
[Site "Quebec CAN"]
[Date "2011.09.22"]
[Round "3"]
[White "Boulianne, Gabriel"]
[Black "Lapierre, Gaetan"]
[Result "0-1"]
[WhiteElo "1726"]
[BlackElo "1839"]
[PlyCount "76"]
[GameId "2160767909648569"]
[EventDate "2011.09.08"]
[EventType "swiss"]
[EventRounds "5"]
[EventCountry "CAN"]
[SourceTitle "EXT 2022"]
[Source "ChessBase"]
[SourceDate "2021.10.06"]
[SourceVersion "1"]
[SourceVersionDate "2021.10.06"]
[SourceQuality "1"]

1. e4 d6 2. d4 Nf6 3. Nc3 g6 4. f3 Bg7 5. Be3 O-O 6. Qd2 e5 7. d5 c5 8. Bh6 Nxe4 9. Nxe4 Qh4+ 10. g3 Qxh6 11. Qxh6 Bxh6 12. Nxd6 Na6 13. Bxa6 bxa6 14. Ne4 Bf5 15. c4 Be3 16. Ne2 Bh3 17. Nf6+ Kg7 18. Ng4 Bd4 19. Nxd4 exd4 20. Kf2 f6 21. Rhe1 h5 22. Re7+ Rf7 23. Rae1 Raf8 24. d6 hxg4 25. f4 Rd8 26. d7 Rxd7 27. Rxd7 Rxd7 28. Re6 d3 29. Re1 d2 30. Rd1 f5 31. Ke3 Bg2 32. Rxd2 Rxd2 33. Kxd2 Kf6 34. Kc3 a5 35. a3 a4 36. b4 axb3 37. Kxb3 Bc6 38. Kc3 g5 0-1

[Event "Montcalm op 1 2011-12"]
[Site "Quebec CAN"]
[Date "2011.09.29"]
[Round "4"]
[White "Bourassa, Andre"]
[Black "Auger, Bertrand"]
[Result "0-1"]
[WhiteElo "1810"]
[BlackElo "1949"]
[PlyCount "40"]
[GameId "2160767909648570"]
[EventDate "2011.09.08"]
[EventType "swiss"]
[EventRounds "5"]
[EventCountry "CAN"]
[SourceTitle "EXT 2022"]
[Source "ChessBase"]
[SourceDate "2021.10.06"]
[SourceVersion "1"]
[SourceVersionDate "2021.10.06"]
[SourceQuality "1"]

1. d4 Nf6 2. c4 e6 3. Nc3 Bb4 4. Bd2 O-O 5. Rc1 c5 6. e3 b6 7. Nf3 Bb7 8. Bd3 Nc6 9. a3 Bxc3 10. Bxc3 cxd4 11. exd4 d5 12. O-O dxc4 13. Bxc4 Nd5 14. Bd2 h6 15. Ne5 Rc8 16. Nxc6 Rxc6 17. Qg4 Nf6 18. Qh4 Rxc4 19. Rxc4 Qd5 20. Qg3 Ne4 0-1

[Event "Montcalm op 1 2011-12"]
[Site "Quebec CAN"]
[Date "2011.09.29"]
[Round "4"]
[White "Hebert, Andre jr"]
[Black "Oliver, Vance"]
[Result "0-1"]
[WhiteElo "1691"]
[BlackElo "1480"]
[PlyCount "53"]
[GameId "2160767909648571"]
[EventDate "2011.09.08"]
[EventType "swiss"]
[EventRounds "5"]
[EventCountry "CAN"]
[SourceTitle "EXT 2022"]
[Source "ChessBase"]
[SourceDate "2021.10.06"]
[SourceVersion "1"]
[SourceVersionDate "2021.10.06"]
[SourceQuality "1"]

1. f4 Nf6 2. Nf3 g6 3. e3 d5 4. c4 c6 5. Nc3 e6 6. b3 Bg7 7. Ba3 Ne4 8. Rc1 Qa5 9. Bb2 O-O 10. Qc2 f5 11. Ne5 Nd7 12. Nxe4 fxe4 13. Bc3 Qc7 14. Nxd7 Bxd7 15. Be2 e5 16. g3 d4 17. Bb4 d3 18. Bxd3 exd3 19. Qxd3 c5 20. Bc3 Bh3 21. Qd5+ Kh8 22. Bxe5 Bxe5 23. Qxe5+ Qxe5 24. fxe5 Rf5 25. Ke2 Raf8 26. a3 Rf2+ 27. Kd3 0-1

[Event "Montcalm op 1 2011-12"]
[Site "Quebec CAN"]
[Date "2011.10.06"]
[Round "5"]
[White "Leblanc-Legault, Mathieu"]
[Black "Bourassa, Andre"]
[Result "0-1"]
[WhiteElo "1375"]
[BlackElo "1810"]
[PlyCount "128"]
[GameId "2160767909648572"]
[EventDate "2011.09.08"]
[EventType "swiss"]
[EventRounds "5"]
[EventCountry "CAN"]
[SourceTitle "EXT 2022"]
[Source "ChessBase"]
[SourceDate "2021.10.06"]
[SourceVersion "1"]
[SourceVersionDate "2021.10.06"]
[SourceQuality "1"]

1. d4 d5 2. c4 e6 3. Nf3 Nf6 4. Bg5 Be7 5. Nc3 c6 6. e3 Nbd7 7. Bd3 dxc4 8. Bxc4 Nd5 9. Bxe7 Qxe7 10. O-O O-O 11. Nxd5 exd5 12. Bd3 f5 13. h3 Nf6 14. Rc1 Ne4 15. Nd2 Bd7 16. a3 Rae8 17. b4 Qh4 18. Nf3 Qe7 19. Qb3 a6 20. Ne5 Nd2 21. Qc2 Nxf1 22. Kxf1 Qd6 23. f4 Bc8 24. g4 g6 25. g5 Kg7 26. Qg2 a5 27. Rc5 axb4 28. axb4 Bd7 29. Qb2 h6 30. h4 hxg5 31. hxg5 Rh8 32. Rc2 Rh3 33. b5 Rxe3 34. bxc6 Bxc6 35. Bb5 Rc8 36. Bxc6 bxc6 37. Qb7+ Qc7 38. Qb4 Rxe5 39. fxe5 Kf7 40. Rh2 Kg7 41. Rc2 Qd8 42. Qd2 Qd7 43. Qe3 Qe6 44. Rh2 Rh8 45. Rxh8 Kxh8 46. Qa3 Kg7 47. Qe3 Qe7 48. Kg2 Qb4 49. e6 Qe7 50. Qe5+ Kg8 51. Qb8+ Qf8 52. Qc7 Qe8 53. Qd7 Kf8 54. Qd6+ Kg8 55. e7 Kg7 56. Qd8 Kf7 57. Qd6 Qxe7 58. Qf4 Qe4+ 59. Kg3 Qxf4+ 60. Kxf4 Ke6 61. Ke3 Kd6 62. Kd3 f4 63. Ke2 Ke6 64. Kf3 Kf5 0-1

[Event "Montcalm op 2 2011-12"]
[Site "Quebec CAN"]
[Date "2011.10.13"]
[Round "1"]
[White "Bourassa, Andre"]
[Black "Cummins, Paul"]
[Result "1-0"]
[WhiteElo "1802"]
[BlackElo "1690"]
[PlyCount "81"]
[GameId "2160767909647907"]
[EventDate "2011.10.13"]
[EventType "swiss"]
[EventRounds "5"]
[EventCountry "CAN"]
[SourceTitle "EXT 2022"]
[Source "ChessBase"]
[SourceDate "2021.10.06"]
[SourceVersion "1"]
[SourceVersionDate "2021.10.06"]
[SourceQuality "1"]

1. d4 d5 2. c4 e6 3. Nc3 Nf6 4. Bg5 Be7 5. e3 O-O 6. Nf3 Nbd7 7. Qc2 b6 8. cxd5 exd5 9. Ne5 Bb7 10. Nxd7 Nxd7 11. Bxe7 Qxe7 12. Bd3 h6 13. O-O Nf6 14. Rac1 a6 15. Na4 Rac8 16. Bf5 Nd7 17. Qd2 Qd6 18. Rc2 Bc6 19. Nc3 Rcd8 20. Rfc1 Nf6 21. Ne2 Bd7 22. Bxd7 Rxd7 23. Rc6 Qe7 24. Qc2 Ng4 25. Ng3 Qh4 26. Nf1 Re8 27. h3 Nf6 28. Ng3 Re6 29. Rxc7 Rxc7 30. Qxc7 Qg5 31. Qc8+ Kh7 32. Qc2+ g6 33. Qd3 h5 34. Rc7 Kg7 35. Ne2 Ne4 36. Nf4 Rd6 37. Qxa6 Qf5 38. Qc8 Qf6 39. Qb7 Qf5 40. Qc8 Qg5 41. Ne6+ 1-0

[Event "Montcalm op 2 2011-12"]
[Site "Quebec CAN"]
[Date "2011.10.13"]
[Round "1"]
[White "Drolet, Stephane"]
[Black "Bergeron, Marc"]
[Result "1/2-1/2"]
[WhiteElo "2140"]
[BlackElo "1949"]
[PlyCount "69"]
[GameId "2160767909647908"]
[EventDate "2011.10.13"]
[EventType "swiss"]
[EventRounds "5"]
[EventCountry "CAN"]
[SourceTitle "EXT 2022"]
[Source "ChessBase"]
[SourceDate "2021.10.06"]
[SourceVersion "1"]
[SourceVersionDate "2021.10.06"]
[SourceQuality "1"]

1. d4 d5 2. Bf4 Nc6 3. e3 Bf5 4. Bb5 e6 5. Nf3 f6 6. Nh4 Bg6 7. Nxg6 hxg6 8. Qg4 Kf7 9. Bd3 g5 10. Bg3 Bd6 11. c3 f5 12. Qf3 g4 13. Qe2 Bxg3 14. fxg3 Nf6 15. Nd2 Qd6 16. O-O-O Na5 17. Rdf1 Rh5 18. Rf2 c5 19. Bc2 Rc8 20. Qb5 cxd4 21. exd4 b6 22. Qa6 Qc7 23. Qe2 Nc4 24. Re1 Re8 25. Nf1 Re7 26. h3 gxh3 27. gxh3 Rxh3 28. g4 Nxb2 29. Kxb2 Qxc3+ 30. Kb1 Qb4+ 31. Kc1 Qxd4 32. gxf5 Qa1+ 33. Kd2 Qc3+ 34. Kc1 Qa1+ 35. Kd2 1/2-1/2

[Event "Montcalm op 2 2011-12"]
[Site "Quebec CAN"]
[Date "2011.10.13"]
[Round "1"]
[White "Robitaille, Denis"]
[Black "Kearns, Thomas"]
[Result "1-0"]
[WhiteElo "1784"]
[BlackElo "1646"]
[PlyCount "71"]
[GameId "2160767909647909"]
[EventDate "2011.10.13"]
[EventType "swiss"]
[EventRounds "5"]
[EventCountry "CAN"]
[SourceTitle "EXT 2022"]
[Source "ChessBase"]
[SourceDate "2021.10.06"]
[SourceVersion "1"]
[SourceVersionDate "2021.10.06"]
[SourceQuality "1"]

1. Nf3 Nf6 2. c4 d5 3. cxd5 Nxd5 4. e4 Nf6 5. Nc3 c6 6. d4 Bg4 7. Be3 e6 8. Qb3 b6 9. Be2 Nbd7 10. O-O Be7 11. Rfd1 O-O 12. Rac1 Rc8 13. Ba6 Bxf3 14. gxf3 Rc7 15. Bf4 e5 16. dxe5 Nh5 17. Bg3 Nxg3 18. fxg3 Qe8 19. Be2 Bc5+ 20. Kg2 Qxe5 21. f4 Qe7 22. Bf3 Rfc8 23. Ne2 a6 24. e5 b5 25. Bg4 Kh8 26. Qf3 Bb6 27. Nc3 Rd8 28. Ne4 Nf8 29. Nd6 c5 30. Nf5 Qe8 31. Rxd8 Qxd8 32. Rd1 Qe8 33. Nd6 Qe7 34. Qa8 Ra7 35. Qb8 Qc7 36. Qxf8# 1-0

[Event "Montcalm op 2 2011-12"]
[Site "Quebec CAN"]
[Date "2011.10.20"]
[Round "2"]
[White "Bender, Karl"]
[Black "Ripoll, Arthur"]
[Result "1-0"]
[WhiteElo "1532"]
[BlackElo "1481"]
[PlyCount "131"]
[GameId "2160767909647910"]
[EventDate "2011.10.13"]
[EventType "swiss"]
[EventRounds "5"]
[EventCountry "CAN"]
[SourceTitle "EXT 2022"]
[Source "ChessBase"]
[SourceDate "2021.10.06"]
[SourceVersion "1"]
[SourceVersionDate "2021.10.06"]
[SourceQuality "1"]

1. e4 e5 2. Nf3 Nc6 3. b3 Bc5 4. Bb2 d6 5. Nc3 a6 6. Be2 Nf6 7. d3 O-O 8. h3 Ne7 9. d4 exd4 10. Nxd4 Ng6 11. Qd2 Qe7 12. f3 Qe5 13. Na4 Qg3+ 14. Kf1 Nf4 15. Bd3 Bxh3 16. gxh3 Bxd4 17. Bxd4 Qxf3+ 18. Kg1 Nxh3+ 19. Rxh3 Qxh3 20. Bxf6 gxf6 21. Qg2+ Qxg2+ 22. Kxg2 Rfe8 23. Kf3 Re5 24. Rh1 Kh8 25. Nc3 c6 26. Ne2 Rg8 27. Ng3 Rxg3+ 28. Kxg3 Kg7 29. Kf4 Kg6 30. b4 b5 31. c3 c5 32. a3 h5 33. Rh4 c4 34. Bc2 Kh6 35. Bd1 d5 36. Bf3 dxe4 37. Bxe4 Re6 38. Bf3 Re5 39. Be4 Re6 40. Kf5 Rd6 41. Rh3 Re6 42. Kf4 Re5 43. Rh4 Re6 44. Kf5 Rd6 45. Rh3 Re6 46. Re3 Rd6 47. Bb7 Rb6 48. Re7 Kg7 49. Bd5 Rd6 50. Ke4 h4 51. Rxf7+ Kg6 52. Rf8 Kg7 53. Rg8+ Kh7 54. Rg1 Kh6 55. Kd4 Kh5 56. Kc5 Rd8 57. Rd1 Re8 58. Bf7+ Kg4 59. Bxe8 h3 60. Rd6 f5 61. Rxa6 f4 62. Bxb5 h2 63. Bc6 f3 64. Bxf3+ Kxf3 65. Rh6 Kg2 66. Kxc4 1-0

[Event "Montcalm op 2 2011-12"]
[Site "Quebec CAN"]
[Date "2011.10.20"]
[Round "2"]
[White "Bergeron, Marc"]
[Black "Bluteau, Yvon"]
[Result "1-0"]
[WhiteElo "1949"]
[BlackElo "1806"]
[PlyCount "127"]
[GameId "2160767909647911"]
[EventDate "2011.10.13"]
[EventType "swiss"]
[EventRounds "5"]
[EventCountry "CAN"]
[SourceTitle "EXT 2022"]
[Source "ChessBase"]
[SourceDate "2021.10.06"]
[SourceVersion "1"]
[SourceVersionDate "2021.10.06"]
[SourceQuality "1"]

1. c4 Nf6 2. Nc3 g6 3. g3 Bg7 4. Bg2 O-O 5. e4 e5 6. Nge2 d6 7. O-O Be6 8. d3 Qd7 9. f4 Bg4 10. f5 Nc6 11. h3 Bxe2 12. Qxe2 Nd4 13. Qf2 c6 14. g4 h6 15. Bf3 g5 16. h4 Nh7 17. hxg5 hxg5 18. Kg2 f6 19. Rh1 Rf7 20. Kg3 Bf8 21. Be3 Nxf3 22. Qxf3 Be7 23. Rh5 Bd8 24. b4 Bb6 25. a4 Bxe3 26. Qxe3 Qc7 27. a5 Nf8 28. b5 Rh7 29. b6 axb6 30. axb6 Qb8 31. Rah1 Ra3 32. Nb1 Ra2 33. Nd2 Qe8 34. Nf3 Qf7 35. R1h3 Qg7 36. Nxg5 Rxh5 37. Rxh5 Ra3 38. Nf3 Nd7 39. g5 Nc5 40. Ne1 Qf7 41. Kg4 Qxc4 42. Qh3 Qxe4+ 43. dxe4 Rxh3 44. Kxh3 Nxe4 45. g6 d5 46. Rh7 Ng5+ 47. Kg4 Nxh7 48. gxh7+ Kxh7 49. Nd3 Kg7 50. Nc5 Kf7 51. Nxb7 Ke7 52. Nc5 Kd8 53. Kh5 e4 54. Kg6 e3 55. Kxf6 e2 56. Nd3 c5 57. Ke6 c4 58. Ne1 d4 59. f6 d3 60. f7 Kc8 61. f8=Q+ Kb7 62. Qd8 Kc6 63. Qc8+ Kxb6 64. Qxc4 1-0

[Event "Montcalm op 2 2011-12"]
[Site "Quebec CAN"]
[Date "2011.10.20"]
[Round "2"]
[White "Bourassa, Andre"]
[Black "Robitaille, Denis"]
[Result "1/2-1/2"]
[WhiteElo "1802"]
[BlackElo "1784"]
[PlyCount "53"]
[GameId "2160767909647912"]
[EventDate "2011.10.13"]
[EventType "swiss"]
[EventRounds "5"]
[EventCountry "CAN"]
[SourceTitle "EXT 2022"]
[Source "ChessBase"]
[SourceDate "2021.10.06"]
[SourceVersion "1"]
[SourceVersionDate "2021.10.06"]
[SourceQuality "1"]

1. d4 g6 2. Bf4 Bg7 3. Nf3 Nf6 4. e3 O-O 5. c4 c5 6. Nc3 cxd4 7. exd4 d5 8. Qb3 dxc4 9. Bxc4 Qb6 10. Qxb6 axb6 11. O-O Nc6 12. d5 Nb4 13. a3 b5 14. Nxb5 Nbxd5 15. Be5 Nb6 16. Bb3 Bg4 17. Nfd4 Nbd7 18. Bg3 e5 19. Nc2 Be2 20. Nc7 Bxf1 21. Nxa8 Bxg2 22. Kxg2 Rxa8 23. Ne3 Ne4 24. Bd5 Nxg3 25. hxg3 Nc5 26. Rc1 Nd3 27. Rc7 1/2-1/2

[Event "Montcalm op 2 2011-12"]
[Site "Quebec CAN"]
[Date "2011.10.20"]
[Round "2"]
[White "Drolet, Stephane"]
[Black "Gras, Guillaume"]
[Result "1-0"]
[WhiteElo "2140"]
[BlackElo "2113"]
[PlyCount "55"]
[GameId "2160767909647913"]
[EventDate "2011.10.13"]
[EventType "swiss"]
[EventRounds "5"]
[EventCountry "CAN"]
[SourceTitle "EXT 2022"]
[Source "ChessBase"]
[SourceDate "2021.10.06"]
[SourceVersion "1"]
[SourceVersionDate "2021.10.06"]
[SourceQuality "1"]

1. d4 d5 2. Nf3 c6 3. Bg5 g6 4. Nbd2 Bg7 5. e4 h6 6. Bh4 dxe4 7. Nxe4 f5 8. Nc3 g5 9. Ne5 Bxe5 10. Qh5+ Kf8 11. dxe5 gxh4 12. Bc4 Qe8 13. Qxh4 Nd7 14. f4 Nb6 15. Bb3 c5 16. Bd5 Nxd5 17. Nxd5 Qc6 18. O-O-O Be6 19. Nxe7 Nxe7 20. Qf6+ Kg8 21. Qxe7 Rh7 22. Rd8+ Rxd8 23. Qxd8+ Kf7 24. Rd1 Qc8 25. Qf6+ Ke8 26. Rd6 Re7 27. Qh8+ Kf7 28. Rd8 1-0

[Event "Montcalm op 2 2011-12"]
[Site "Quebec CAN"]
[Date "2011.10.20"]
[Round "2"]
[White "Dumont, Eric"]
[Black "Marquis, Paul"]
[Result "0-1"]
[WhiteElo "1856"]
[BlackElo "1935"]
[PlyCount "74"]
[GameId "2160767909647914"]
[EventDate "2011.10.13"]
[EventType "swiss"]
[EventRounds "5"]
[EventCountry "CAN"]
[SourceTitle "EXT 2022"]
[Source "ChessBase"]
[SourceDate "2021.10.06"]
[SourceVersion "1"]
[SourceVersionDate "2021.10.06"]
[SourceQuality "1"]

1. d4 Nf6 2. Nf3 g6 3. Bf4 d6 4. e3 Bg7 5. Be2 O-O 6. h3 Nbd7 7. c3 Qe8 8. Nbd2 e5 9. dxe5 dxe5 10. Bh2 Qe7 11. Nc4 Ne8 12. Qd2 e4 13. Nd4 Ne5 14. Nxe5 Bxe5 15. Bxe5 Qxe5 16. O-O-O Nd6 17. Qc2 a6 18. Bg4 f5 19. Qb3+ Rf7 20. Be2 c5 21. Nc2 Be6 22. Qb6 Rd7 23. f4 exf3 24. gxf3 f4 25. exf4 Qxf4+ 26. Kb1 Rc8 27. Rhg1 Rc6 28. Qa7 Qa4 29. Na3 b5 30. Qa8+ Rc8 31. Rxd6 Rxa8 32. Rxe6 Rad8 33. Nc2 Rd2 34. b3 Qa5 35. Kb2 Rxc2+ 36. Kxc2 Qxa2+ 37. Kc1 Rd2 0-1

[Event "Montcalm op 2 2011-12"]
[Site "Quebec CAN"]
[Date "2011.10.27"]
[Round "3"]
[White "Bluteau, Yvon"]
[Black "Dumont, Eric"]
[Result "1-0"]
[WhiteElo "1806"]
[BlackElo "1856"]
[PlyCount "79"]
[GameId "2160767909647915"]
[EventDate "2011.10.13"]
[EventType "swiss"]
[EventRounds "5"]
[EventCountry "CAN"]
[SourceTitle "EXT 2022"]
[Source "ChessBase"]
[SourceDate "2021.10.06"]
[SourceVersion "1"]
[SourceVersionDate "2021.10.06"]
[SourceQuality "1"]

1. Nf3 f5 2. d4 e6 3. g3 Nf6 4. Bg2 Be7 5. O-O O-O 6. c4 c6 7. Nc3 d5 8. c5 Qe8 9. Bf4 Ne4 10. Qb3 Nd7 11. Rac1 h6 12. Rfd1 g5 13. Be5 g4 14. Ne1 Nexc5 15. Qc2 Nxe5 16. dxc5 Ng6 17. e3 e5 18. Nxd5 cxd5 19. Bxd5+ Kh7 20. c6 Rb8 21. Qb3 b5 22. a4 Ba6 23. a5 b4 24. c7 Rc8 25. Be6 e4 26. Qd5 Qb5 27. Qxb5 Bxb5 28. Bxc8 Rxc8 29. Rd5 Ba6 30. Rxf5 Kg7 31. Rd5 Bf6 32. Rd7+ Kf8 33. Rd6 Kf7 34. Rxa6 Bxb2 35. Rcc6 Ne7 36. Rc4 Nd5 37. Nc2 h5 38. Nxb4 Nxb4 39. Rxb4 Bc3 40. Rc4 1-0

[Event "Montcalm op 2 2011-12"]
[Site "Quebec CAN"]
[Date "2011.10.27"]
[Round "3"]
[White "Gras, Guillaume"]
[Black "Bergeron, Marc"]
[Result "0-1"]
[WhiteElo "2113"]
[BlackElo "1949"]
[PlyCount "56"]
[GameId "2160767909647916"]
[EventDate "2011.10.13"]
[EventType "swiss"]
[EventRounds "5"]
[EventCountry "CAN"]
[SourceTitle "EXT 2022"]
[Source "ChessBase"]
[SourceDate "2021.10.06"]
[SourceVersion "1"]
[SourceVersionDate "2021.10.06"]
[SourceQuality "1"]

1. c4 Nc6 2. Nc3 e5 3. g3 Bc5 4. Bg2 Nf6 5. e3 O-O 6. a3 a5 7. Nge2 Re8 8. O-O d6 9. d4 Bb6 10. h3 Bd7 11. b3 h5 12. Bb2 Qc8 13. Kh2 Ne7 14. dxe5 dxe5 15. Nd5 Nexd5 16. cxd5 Bb5 17. Re1 Qf5 18. Nc3 Ba6 19. Qd2 Rad8 20. Na4 Ba7 21. e4 Qxf2 22. Qg5 Rd6 23. Bxe5 Rxe5 24. Qxe5 Ng4+ 25. hxg4 hxg4 26. Qf4 Rh6+ 27. Qxh6 gxh6 28. e5 Qf5 0-1